[Event "Brandenburg-ch Seniors 22nd"]
[Site "Berlin"]
[Date "2006.02.23"]
[Round "4"]
[White "Rehder, Frank"]
[Black "Erman, Zinovi"]
[Result "1-0"]
[WhiteElo "1772"]
[BlackElo "1703"]
[PlyCount "145"]
[EventDate "2006.02.20"]
[EventType "swiss"]
[EventRounds "9"]
[EventCountry "GER"]
[SourceTitle "EXT 2007"]
[Source "ChessBase"]
[SourceDate "2006.11.23"]
[SourceVersion "1"]
[SourceVersionDate "2006.11.23"]
[SourceQuality "1"]

1. d4 d5 2. c4 dxc4 3. Nc3 c6 4. a4 Nf6 5. e3 e6 6. Bxc4 Bb4 7. Bd2 a5 8. Nf3 Nbd7 9. 0-0 Nb6 10. Bd3 Nfd5 11. Na2 Bxd2 12. Qxd2 Nxa4 13. Ne5 Nab6 14. Qc2 Nf6 15. Nc3 Nbd7 16. f4 g6 17. Qf2 Nh5 18. g4 Ng7 19. h3 0-0 20. Ne4 f6 21. Nf3 b6 22. Qh4 Qe7 23. Ng3 Ba6 24. Bxa6 Rxa6 25. e4 Rf7 26. e5 Ne8 27. exf6 Qxf6 28. Ng5 Nd6 29. Rad1 Nf8 30. Rfe1 Raa7 31. Rf1 a4 32. Qh6 Rfe7 33. N5e4 Nxe4 34. Nxe4 Qg7 35. Qh4 Nd7 36. Nd6 Ra8 37. Ne4 a3 38. bxa3 Rxa3 39. g5 Rf7 40. Qg4 Re7 41. h4 Ra4 42. Qf3 Nb8 43. Nf6+ Kh8 44. Qb3 b5 45. Ra1 Rxd4 46. Ra8 Rd8 47. Rd1 Qf8 48. Rd3 Kg7 49. Qd1 Rxd3 50. Qxd3 e5 51. Qd6 exf4 52. Qxb8 Qxb8 53. Rxb8 h6 54. Kf2 hxg5 55. hxg5 Kf7 56. Kf3 Re3+ 57. Kxf4 Rc3 58. Ke5 Rc5+ 59. Kf4 Rc4+ 60. Ne4 Rd4 61. Ke5 Rd5+ 62. Kf4 Rf5+ 63. Kg4 Ke6 64. Rg8 Kf7 65. Rc8 b4 66. Nd6+ Ke6 67. Nxf5 gxf5+ 68. Kf4 Kd7 69. Rb8 c5 70. g6 Kc7 71. Re8 b3 72. g7 b2 73. Re1 1-0

[Event "Brandenburg-ch Seniors 22nd"]
[Site "Berlin"]
[Date "2006.02.22"]
[Round "3"]
[White "Erman, Zinovi"]
[Black "Grunow, Werner"]
[Result "1-0"]
[WhiteElo "1703"]
[BlackElo "1689"]
[PlyCount "105"]
[EventDate "2006.02.20"]
[EventType "swiss"]
[EventRounds "9"]
[EventCountry "GER"]
[SourceTitle "EXT 2007"]
[Source "ChessBase"]
[SourceDate "2006.11.23"]
[SourceVersion "1"]
[SourceVersionDate "2006.11.23"]
[SourceQuality "1"]

1. d4 d5 2. c4 c6 3. c5 Bf5 4. Nf3 Nd7 5. Nc3 Qc7 6. Nh4 Bg6 7. Nxg6 hxg6 8. h3 e5 9. e3 Ngf6 10. b4 Be7 11. Be2 e4 12. Bd2 0-0 13. Qc2 Nh7 14. h4 Ndf6 15. 0-0-0 Qd7 16. f3 exf3 17. Bxf3 Qf5 18. Rhf1 Qxc2+ 19. Kxc2 Rfe8 20. g4 Rad8 21. a4 b6 22. Rb1 Rb8 23. Kd3 Nf8 24. Be1 bxc5 25. Bg3 c4+ 26. Kc2 Rxb4 27. Rxb4 Bxb4 28. Re1 Ne6 29. Re2 Bxc3 30. Kxc3 c5 31. g5 Nh5 32. Bd6 cxd4+ 33. exd4 Rd8 34. Bh2 Nhf4 35. Rb2 Rd7 36. Rb5 f6 37. gxf6 gxf6 38. a5 Kf7 39. a6 Ke7 40. Bg3 f5 41. Rb7 Kd6 42. Bxd5 Ke7 43. Bxc4 Kd8 44. Rxd7+ Kxd7 45. d5 Nxd5+ 46. Bxd5 Nc5 47. Bf2 Nxa6 48. Bxa7 Nc7 49. Kc4 Kd6 50. Bf7 g5 51. hxg5 f4 52. Bb8 f3 53. Kd3 1-0